000 00859cab a2200241 4500
001 WB2822-60
008 090401t1992 xxu||||| |||| 00| 0 eng d
035 _a(Sirsi) u26754
041 _aeng
245 _aEnforcement notice
260 _c1992
350 _a0
490 _aEstates Gazette Case Summaries
_v1992 EGCS 77 (30 May 1992)
520 _aDiscusses "Valentina of London Ltd v SoS for the Environment and another", QBD 8 May 1992, which concerned an enforcement notice for breach of planning control due to change of use of the premises.
650 _aCHANGE OF USE
650 _aENFORCMENT NOTICES
650 _aINTERPRETATION ACT 1978
650 _aTOWN AND COUNTRY PLANNING ACT 1971 S87(1)
650 _aTOWN AND COUNTRY PLANNING ACT 1990 S172
690 _aPLANNING LAW AND PRACTICE-CASE LAW
942 _n0
948 _c04/03/1997
999 _c18009
_d18009